10 x 10 Picross avec 3 vies - "Vibrisses" - Statistiques

Statistiques générales
  • Ce quiz a été pris 392 fois
  • Le résultat moyen est 67 sur 100
Statistiques - réponses
Réponse % Correct
d
86%
d
85%
d
83%
d
82%
d
80%
x
80%
d
78%
d
77%
x
77%
d
76%
d
76%
d
75%
d
75%
x
75%
x
75%
d
74%
d
74%
x
74%
d
73%
d
73%
d
73%
d
73%
x
73%
x
73%
x
73%
x
73%
x
72%
x
72%
x
72%
d
71%
x
71%
x
71%
x
71%
x
71%
x
71%
d
70%
x
70%
x
70%
x
70%
d
69%
x
69%
x
69%
x
69%
d
68%
x
68%
x
68%
x
67%
x
67%
x
67%
x
67%
x
67%
x
67%
x
67%
d
66%
x
66%
x
66%
d
65%
x
65%
x
65%
d
64%
x
64%
x
63%
x
63%
d
62%
d
62%
d
61%
d
61%
d
61%
d
61%
d
61%
x
61%
d
60%
x
60%
x
60%
x
60%
x
60%
x
60%
d
59%
x
59%
x
59%
x
59%
x
59%
x
59%
x
59%
d
58%
d
58%
x
58%
x
58%
d
57%
x
57%
x
57%
x
57%
x
57%
x
57%
d
56%
d
56%
d
56%
d
55%
x
55%
x
54%
Aucun quiz correspondant
Distribution des résultats
% des personnes avec chaque résultat
Percentile par nombre de réponses
Votre historique - résultats
Vous n’avez pas pris ce quiz